000 00912nas a2200325 4500
001 BR2013010947
003 BR-BrBNA
005 20231205123532.0
007 ta
008 230509b bl.|||p| |||| 00| 00por d
040 _aBR-BrBNA
_bpor
_cBiblioteca Nacional de Agricultura
041 _a(Pt)
072 _aL73
100 1 _aSilva, D.S.
100 1 _aSilva, F. da S. e
100 1 _aCastro, C.C. de
100 1 _aNunes, J.E.V.
100 1 _aCarapeto, L.P.
100 1 _aHübner, S. de O.
245 1 _aSarcoma de células sinoviais em um felino - relato de caso
650 _aGATO
650 _aNEOPLASIA
650 _aCÉLULA
650 _aARTICULAÇÃO
650 _aRADIOGRAFIA
650 _aCIRÚRGIA
773 0 _tA Hora Veterinária (Brazil)
_xISSN 0101-9163
_g(Mar-Apr 2013), v. 32(192) p. 48-50
_wBR2013010947
909 _a202311
_bLúcia
_c55
_dLúcia Elande
942 _2AGRIS
_n0
_cANA
999 _c234407
_d234407